000 00536 a2200157 4500
020 _a0023998156
040 _aDLC
_bDLC
082 0 0 _a055.133
100 1 _aRiddle, Douglas F.
245 1 0 _aProgramming in Pascal
_cDouglas F. Riddle.
260 _aSan Francisco :
_bDellen ;
_aToronto :
_bCollier Macmillan Canada ;
_aNew York :
_bMaxwell Macmillan International Pub. Group,
_cc1991.
300 _axiii, 508 p. :
_bill. ;
_c24 cm.
500 _aIncludes index.
650 0 _aPascal (Computer program language)
942 _cBK
_k005.133 RID
_2ddc
999 _c5955
_d5955